Zdobywcy nagrody piłkarza miesiąca Premier League - Statystyki

Ogólne statystyki
  • Ten quiz został rozwiązany 150 razy
    93 od ostatniego zresetowania
  • Średni wynik to 92 z 248
Statystyki odpowiedzi
Miesiąc Rok Narodowość Pozycja Klub Zawodnik % Poprawnych
Wrzesień 2016 Korea Południowa Napastnik Tottenham Hotspur Son Heung-min
91%
Kwiecień 2017 Korea Południowa Napastnik Tottenham Hotspur Son Heung-min
91%
Styczeń 2015 Anglia Napastnik Tottenham Hotspur Harry Kane
88%
Luty 2015 Anglia Napastnik Tottenham Hotspur Harry Kane
88%
Marzec 2016 Anglia Napastnik Tottenham Hotspur Harry Kane
88%
Luty 2017 Anglia Napastnik Tottenham Hotspur Harry Kane
88%
Wrzesień 2017 Anglia Napastnik Tottenham Hotspur Harry Kane
88%
Grudzień 2017 Anglia Napastnik Tottenham Hotspur Harry Kane
88%
Listopad 2017 Egipt Napastnik Liverpool Mohamed Salah
85%
Luty 2018 Egipt Napastnik Liverpool Mohamed Salah
85%
Marzec 2018 Egipt Napastnik Liverpool Mohamed Salah
85%
Listopad 2006 Portugalia Napastnik Manchester United Cristiano Ronaldo
84%
Grudzień 2006 Portugalia Napastnik Manchester United Cristiano Ronaldo
84%
Styczeń 2008 Portugalia Napastnik Manchester United Cristiano Ronaldo
84%
Marzec 2008 Portugalia Napastnik Manchester United Cristiano Ronaldo
84%
Październik 2020 Korea Południowa Napastnik Tottenham Hotspur Son Heung-min
83%
Luty 2020 Portugalia Pomocnik Manchester United Bruno Fernandes
81%
Czerwiec 2020 Portugalia Pomocnik Manchester United Bruno Fernandes
81%
Listopad 2020 Portugalia Pomocnik Manchester United Bruno Fernandes
81%
Grudzień 2020 Portugalia Pomocnik Manchester United Bruno Fernandes
81%
Październik 2013 Argentyna Napastnik Manchester City Sergio Agüero
81%
Listopad 2014 Argentyna Napastnik Manchester City Sergio Agüero
81%
Styczeń 2016 Argentyna Napastnik Manchester City Sergio Agüero
81%
Kwiecień 2016 Argentyna Napastnik Manchester City Sergio Agüero
81%
Styczeń 2018 Argentyna Napastnik Manchester City Sergio Agüero
81%
Luty 2019 Argentyna Napastnik Manchester City Sergio Agüero
81%
Styczeń 2020 Argentyna Napastnik Manchester City Sergio Agüero
81%
Grudzień 2018 Holandia Obrońca Liverpool Virgil van Dijk
81%
Sierpień 2017 Senegal Napastnik Liverpool Sadio Mané
79%
Marzec 2019 Senegal Napastnik Liverpool Sadio Mané
79%
Listopad 2019 Senegal Napastnik Liverpool Sadio Mané
79%
Styczeń 2021 Niemcy Pomocnik Manchester City İlkay Gündoğan
77%
Luty 2021 Niemcy Pomocnik Manchester City İlkay Gündoğan
77%
Październik 2015 Anglia Napastnik Leicester City Jamie Vardy
76%
Listopad 2015 Anglia Napastnik Leicester City Jamie Vardy
76%
Kwiecień 2019 Anglia Napastnik Leicester City Jamie Vardy
76%
Październik 2019 Anglia Napastnik Leicester City Jamie Vardy
76%
Luty 2005 Anglia Napastnik Manchester United Wayne Rooney
74%
Grudzień 2005 Anglia Napastnik Manchester United Wayne Rooney
74%
Marzec 2006 Anglia Napastnik Manchester United Wayne Rooney
74%
Październik 2007 Anglia Napastnik Manchester United Wayne Rooney
74%
Styczeń 2010 Anglia Napastnik Manchester United Wayne Rooney
74%
Październik 2018 Gabon Napastnik Arsenal Pierre-Emerick Aubameyang
73%
Wrzesień 2019 Gabon Napastnik Arsenal Pierre-Emerick Aubameyang
73%
Kwiecień 2000 Francja Napastnik Arsenal Thierry Henry
71%
Wrzesień 2002 Francja Napastnik Arsenal Thierry Henry
71%
Styczeń 2004 Francja Napastnik Arsenal Thierry Henry
71%
Kwiecień 2004 Francja Napastnik Arsenal Thierry Henry
71%
Październik 2016 Belgia Napastnik Chelsea Eden Hazard
69%
Wrzesień 2018 Belgia Napastnik Chelsea Eden Hazard
69%
Grudzień 2013 Urugwaj Napastnik Liverpool Luis Suárez
69%
Marzec 2014 Urugwaj Napastnik Liverpool Luis Suárez
69%
Sierpień 2016 Anglia Napastnik Manchester City Raheem Sterling
69%
Listopad 2018 Anglia Napastnik Manchester City Raheem Sterling
69%
Marzec 2001 Anglia Pomocnik Liverpool Steven Gerrard
69%
Marzec 2003 Anglia Pomocnik Liverpool Steven Gerrard
69%
Grudzień 2004 Anglia Pomocnik Liverpool Steven Gerrard
69%
Kwiecień 2006 Anglia Pomocnik Liverpool Steven Gerrard
69%
Marzec 2009 Anglia Pomocnik Liverpool Steven Gerrard
69%
Marzec 2014 Anglia Pomocnik Liverpool Steven Gerrard
69%
Marzec 2017 Belgia Napastnik Everton Romelu Lukaku
67%
Grudzień 2011 Senegal Napastnik Newcastle United Demba Ba
66%
Wrzesień 2003 Anglia Pomocnik Chelsea Frank Lampard
66%
Kwiecień 2005 Anglia Pomocnik Chelsea Frank Lampard
66%
Październik 2005 Anglia Pomocnik Chelsea Frank Lampard
66%
Październik 2008 Anglia Pomocnik Chelsea Frank Lampard
66%
Styczeń 2019 Anglia Napastnik Manchester United Marcus Rashford
65%
Grudzień 2019 Anglia Obrońca Liverpool Trent Alexander-Arnold
64%
Grudzień 2016 Szwecja Napastnik Manchester United Zlatan Ibrahimović
64%
Listopad 2005 Holandia Napastnik Arsenal Robin van Persie
63%
Październik 2009 Holandia Napastnik Arsenal Robin van Persie
63%
Październik 2011 Holandia Napastnik Arsenal Robin van Persie
63%
Grudzień 2012 Holandia Napastnik Manchester United Robin van Persie
63%
Kwiecień 2013 Holandia Napastnik Manchester United Robin van Persie
63%
Sierpień 2019 Finlandia Napastnik Norwich City Teemu Pukki
63%
Kwiecień 2018 Wybrzeże Kości Słoniowej Napastnik Crystal Palace Wilfried Zaha
60%
Sierpień 2006 Walia Pomocnik Manchester United Ryan Giggs
59%
Luty 2007 Walia Pomocnik Manchester United Ryan Giggs
59%
Listopad 1994 Anglia Napastnik Blackburn Rovers Alan Shearer
58%
Wrzesień 1998 Anglia Napastnik Newcastle United Alan Shearer
58%
Grudzień 2002 Anglia Napastnik Newcastle United Alan Shearer
58%
Październik 2003 Anglia Napastnik Newcastle United Alan Shearer
58%
Styczeń 2017 Anglia Pomocnik Tottenham Hotspur Dele Alli
58%
Sierpień 2014 Hiszpania Napastnik Chelsea Diego Costa
58%
Listopad 2016 Hiszpania Napastnik Chelsea Diego Costa
58%
Październik 2017 Niemcy Napastnik Manchester City Leroy Sané
57%
Luty 2008 Hiszpania Napastnik Liverpool Fernando Torres
56%
Wrzesień 2009 Hiszpania Napastnik Liverpool Fernando Torres
56%
Kwiecień 2010 Walia Napastnik Tottenham Hotspur Gareth Bale
56%
Styczeń 2012 Walia Napastnik Tottenham Hotspur Gareth Bale
56%
Luty 2013 Walia Napastnik Tottenham Hotspur Gareth Bale
56%
Wrzesień 2015 Francja Napastnik Manchester United Anthony Martial
55%
Wrzesień 2011 Hiszpania Pomocnik Manchester City David Silva
55%
Kwiecień 2007 Bułgaria Napastnik Tottenham Hotspur Dimitar Berbatow
53%
Styczeń 2011 Bułgaria Napastnik Manchester United Dimitar Berbatow
53%
Sierpień 2011 Bośnia i Hercegowina Napastnik Manchester City Edin Džeko
53%
Styczeń 2003 Anglia Pomocnik Manchester United Paul Scholes
53%
Grudzień 2003 Anglia Pomocnik Manchester United Paul Scholes
53%
Październik 2006 Anglia Pomocnik Manchester United Paul Scholes
53%
Sierpień 2010 Anglia Pomocnik Manchester United Paul Scholes
53%
Sierpień 2018 Brazylia Pomocnik Tottenham Hotspur Lucas Moura
52%
Styczeń 2009 Serbia Obrońca Manchester United Nemanja Vidić
51%
Styczeń 2007 Hiszpania Pomocnik Arsenal Cesc Fàbregas
49%
Wrzesień 2007 Hiszpania Pomocnik Arsenal Cesc Fàbregas
49%
Sierpień 1998 Anglia Napastnik Liverpool Michael Owen
48%
Marzec 2007 Czechy Bramkarz Chelsea Petr Čech
48%
Wrzesień 2013 Walia Pomocnik Arsenal Aaron Ramsey
47%
Marzec 2015 Francja Napastnik Arsenal Olivier Giroud
44%
Kwiecień 2015 Belgia Napastnik Aston Villa Christian Benteke
43%
Marzec 2011 Brazylia Obrońca Chelsea David Luiz
43%
Wrzesień 2020 Anglia Napastnik Everton Dominic Calvert-Lewin
43%
Styczeń 2005 Anglia Obrońca Chelsea John Terry
43%
Marzec 2021 Nigeria Napastnik Leicester City Kelechi Iheanacho
42%
Grudzień 2009 Argentyna Napastnik Manchester City Carlos Tévez
41%
Marzec 2013 Belgia Obrońca Tottenham Hotspur Jan Vertonghen
41%
Sierpień 2015 Ghana Napastnik Swansea City André Ayew
38%
Sierpień 2013 Anglia Napastnik Liverpool Daniel Sturridge
37%
Luty 2014 Anglia Napastnik Liverpool Daniel Sturridge
37%
Kwiecień 2009 Rosja Pomocnik Arsenal Andriej Arszawin
35%
Sierpień 1996 Anglia Pomocnik Manchester United David Beckham
35%
Sierpień 1997 Holandia Napastnik Arsenal Dennis Bergkamp
35%
Wrzesień 1997 Holandia Napastnik Arsenal Dennis Bergkamp
35%
Marzec 2002 Holandia Napastnik Arsenal Dennis Bergkamp
35%
Luty 2004 Holandia Napastnik Arsenal Dennis Bergkamp
35%
Luty 1999 Francja Napastnik Arsenal Nicolas Anelka
35%
Listopad 2008 Francja Napastnik Chelsea Nicolas Anelka
35%
Grudzień 2001 Holandia Napastnik Manchester United Ruud van Nistelrooy
33%
Luty 2002 Holandia Napastnik Manchester United Ruud van Nistelrooy
33%
Kwiecień 2003 Holandia Napastnik Manchester United Ruud van Nistelrooy
33%
Marzec 2012 Islandia Pomocnik Swansea City Gylfi Sigurðsson
31%
Sierpień 2008 Portugalia Pomocnik Chelsea Deco
29%
Sierpień 2009 Anglia Napastnik Tottenham Hotspur Jermain Defoe
28%
Grudzień 1996 Włochy Napastnik Chelsea Gianfranco Zola
27%
Październik 2002 Włochy Napastnik Chelsea Gianfranco Zola
27%
Luty 2003 Francja Pomocnik Arsenal Robert Pirès
27%
Listopad 2013 Holandia Bramkarz Newcastle United Tim Krul
27%
Luty 2016 Anglia Bramkarz Southampton Fraser Forster
26%
Kwiecień 2021 Anglia Pomocnik West Ham United Jesse Lingard
26%
Listopad 2004 Holandia Pomocnik Chelsea Arjen Robben
23%
Październik 2012 Hiszpania Pomocnik Chelsea Juan Mata
23%
Marzec 1996 Francja Napastnik Manchester United Éric Cantona
22%
Wrzesień 2014 Włochy Napastnik Southampton Graziano Pellè
21%
Maj 2021 Anglia Pomocnik Newcastle United Joe Willock
21%
Grudzień 1995 Anglia Napastnik Liverpool Robbie Fowler
20%
Styczeń 1996 Anglia Napastnik Liverpool Robbie Fowler
20%
Luty 1996 Trynidad i Tobago Pomocnik Aston Villa Dwight Yorke
17%
Styczeń 1999 Trynidad i Tobago Pomocnik Manchester United Dwight Yorke
17%
Marzec 2000 Trynidad i Tobago Pomocnik Manchester United Dwight Yorke
17%
Kwiecień 2002 Szwecja Pomocnik Arsenal Freddie Ljungberg
17%
Wrzesień 2001 Argentyna Pomocnik Manchester United Juan Sebastián Verón
17%
Kwiecień 1999 Anglia Napastnik Everton Kevin Campbell
17%
Grudzień 2010 Francja Pomocnik Arsenal Samir Nasri
17%
Kwiecień 1998 Francja Pomocnik Arsenal Emmanuel Petit
16%
Marzec 2005 Anglia Pomocnik Chelsea Joe Cole
16%
Listopad 2012 Belgia Pomocnik Everton Marouane Fellaini
16%
Lipiec 2020 Anglia Pomocnik West Ham United Michail Antonio
16%
Październik 1998 Irlandia Pomocnik Manchester United Roy Keane
16%
Grudzień 1999 Irlandia Pomocnik Manchester United Roy Keane
16%
Kwiecień 1995 Anglia Bramkarz Arsenal David Seaman
15%
Listopad 1996 Anglia Napastnik Arsenal Ian Wright
15%
Październik 2010 Holandia Pomocnik Tottenham Hotspur Rafael van der Vaart
15%
Sierpień 1999 Irlandia Napastnik Coventry City Robbie Keane
15%
Styczeń 2001 Irlandia Napastnik Leeds United Robbie Keane
15%
Kwiecień 2007 Irlandia Napastnik Tottenham Hotspur Robbie Keane
15%
Marzec 2010 Francja Pomocnik Chelsea Florent Malouda
14%
Listopad 2003 Nigeria Pomocnik Bolton Wanderers Jay-Jay Okocha
14%
Listopad 1997 Anglia Napastnik Manchester United Andy Cole
13%
Kwiecień 2008 Anglia Pomocnik Aston Villa Ashley Young
13%
Wrzesień 2008 Anglia Pomocnik Aston Villa Ashley Young
13%
Grudzień 2008 Anglia Pomocnik Aston Villa Ashley Young
13%
Grudzień 2015 Nigeria Napastnik Watford Odion Ighalo
13%
Październik 2000 Anglia Napastnik Manchester United Teddy Sheringham
13%
Sierpień 2003 Anglia Napastnik Portsmouth Teddy Sheringham
13%
Sierpień 1994 Niemcy Napastnik Tottenham Hotspur Jürgen Klinsmann
12%
Sierpień 2001 Francja Napastnik Fulham Louis Saha
10%
Luty 2010 Australia Bramkarz Fulham Mark Schwarzer
10%
Wrzesień 2004 Anglia Obrońca Tottenham Hotspur Ledley King
9%
Sierpień 2004 Hiszpania Pomocnik Arsenal José Antonio Reyes
8%
Luty 2009 Anglia Obrońca Everton Phil Jagielka
8%
Sierpień 2007 Anglia Obrońca Manchester City Micah Richards
7%
Listopad 1999 Finlandia Obrońca Liverpool Sami Hyypiä
7%
Sierpień 2002 Francja Napastnik Arsenal Sylvain Wiltord
7%
Sierpień 2000 Anglia Pomocnik Leeds United Alan Smith
6%
Sierpień 1995 Francja Napastnik Newcastle United David Ginola
6%
Grudzień 1998 Francja Napastnik Tottenham Hotspur David Ginola
6%
Luty 2004 Brazylia Pomocnik Arsenal Edu
6%
Grudzień 2007 Paragwaj Napastnik Blackburn Rovers Roque Santa Cruz
6%
Wrzesień 2012 Szkocja Napastnik Sunderland Steven Fletcher
6%
Grudzień 2014 Anglia Napastnik Queens Park Rangers Charlie Austin
5%
Listopad 2007 Anglia Napastnik Aston Villa Gabriel Agbonlahor
5%
Grudzień 1994 Anglia Pomocnik Southampton Matthew Le Tissier
5%
Październik 1996 Anglia Pomocnik Southampton Matthew Le Tissier
5%
Kwiecień 2012 Chorwacja Napastnik Everton Nikica Jelavić
5%
Październik 2014 Senegal Napastnik West Ham United Diafra Sakho
3%
Październik 1999 Anglia Napastnik Sunderland Kevin Phillips
3%
Październik 1994 Anglia Pomocnik Manchester United Paul Ince
3%
Listopad 2000 Anglia Bramkarz Leeds United Paul Robinson
3%
Marzec 1999 Anglia Pomocnik Arsenal Ray Parlour
3%
Luty 2011 Anglia Pomocnik West Ham United Scott Parker
3%
Listopad 2011 Anglia Pomocnik Tottenham Hotspur Scott Parker
3%
Luty 2006 Anglia Pomocnik Bolton Wanderers Kevin Nolan
2%
Marzec 2004 Finlandia Napastnik Birmingham City Mikael Forssell
2%
Wrzesień 1996 Czechy Pomocnik Liverpool Patrik Berger
2%
Październik 2001 Anglia Obrońca Leeds United Rio Ferdinand
2%
Wrzesień 1994 Anglia Pomocnik Newcastle United Rob Lee
2%
Listopad 1995 Anglia Pomocnik Newcastle United Rob Lee
2%
Październik 1995 Anglia Pomocnik Queens Park Rangers Trevor Sinclair
2%
Marzec 1998 Austria Bramkarz Arsenal Alex Manninger
1%
Listopad 1994 Anglia Napastnik Blackburn Rovers Chris Sutton
1%
Luty 1998 Anglia Napastnik Blackburn Rovers Chris Sutton
1%
Luty 1995 Szkocja Napastnik Everton Duncan Ferguson
1%
Styczeń 2000 Anglia Obrońca Aston Villa Gareth Southgate
1%
Marzec 1997 Brazylia Pomocnik Middlesbrough Juninho
1%
Listopad 1997 Anglia Napastnik Southampton Kevin Davies
1%
Październik 1997 Kostaryka Napastnik Derby County Paulo Wanchope
1%
Wrzesień 2010 Nigeria Napastnik West Bromwich Albion Peter Odemwingie
1%
Kwiecień 2011 Nigeria Napastnik West Bromwich Albion Peter Odemwingie
1%
Luty 2012 Nigeria Napastnik West Bromwich Albion Peter Odemwingie
1%
Grudziień 1997 Anglia Pomocnik Liverpool Steve McManaman
1%
Styczeń 1997 Anglia Bramkarz Blackburn Rovers Tim Flowers
1%
Wrzesień 2000 Anglia Bramkarz Leicester City Tim Flowers
1%
Styczeń 2014 Anglia Pomocnik Sunderland Adam Johnson
0%
Styczeń 2013 Anglia Napastnik Reading Adam le Fondre
0%
Październik 2004 Anglia Napastnik Crystal Palace Andrew Johnson
0%
Wrzesień 2006 Anglia Napastnik Everton Andrew Johnson
0%
Kwiecień 1996 Rosja Napastnik Everton Andriej Kanczelskis
0%
Styczeń 2006 Anglia Obrońca West Ham United Anton Ferdinand
0%
Styczeń 1995 Anglia Pomocnik Sheffield Wednesday Chris Waddle
0%
Kwiecień 2014 Anglia Napastnik Sunderland Connor Wickham
0%
Listopad 2001 Anglia Pomocnik Liverpool Danny Murphy
0%
Wrzesień 2005 Anglia Pomocnik Charlton Athletic Danny Murphy
0%
Sierpień 2005 Anglia Napastnik Charlton Athletic Darren Bent
0%
Styczeń 1998 Anglia Napastnik Coventry City Dion Dublin
0%
Listopad 1998 Anglia Napastnik Aston Villa Dion Dublin
0%
Kwiecień 2001 Szkocja Pomocnik Liverpool Gary McAllister
0%
Grudzień 2000 Anglia Napastnik Southampton James Beattie
0%
Listopad 2002 Anglia Napastnik Southampton James Beattie
0%
Listopad 2009 Anglia Pomocnik Hull City Jimmy Bullard
0%
Listopad 2010 Szwecja Napastnik Bolton Wanderers Johan Elmander
0%
Styczeń 2002 Anglia Napastnik Ipswich Town Marcus Bent
0%
Kwiecień 1997 Irlandia Napastnik Southampton Mickey Evans
0%
Wrzesień 1999 Turcja Pomocnik Leicester City Muzzy Izzet
0%
Luty 2000 Anglia Pomocnik Aston Villa Paul Merson
0%
Luty 1997 Jamajka Pomocnik Wimbledon Robbie Earle
0%
Styczeń 1996 Anglia Napastnik Liverpool Stan Collymore
0%
Luty 2001 Anglia Obrońca West Ham United Stuart Pearce
0%
Marzec 1995 Ghana Napastnik Leeds United Tony Yeboah
0%
Wrzesień 1995 Ghana Napastnik Leeds United Tony Yeboah
0%
Nie znaleziono quizów pasujących do podanych kryteriów
Rozkład punktacji
Procent ludzi z każdym wynikiem
Percentyl według liczby udzielonych odpowiedzi
Twoja historia wyników
Nie rozwiązałeś tego quizu od ostatniego zresetowania